Moeda - Continente - Europa - Statistics

Estatísticas Gerais
  • Esse quiz foi jogado 105 vezes
  • A pontuação média é 33 de 49
Estatísticas das Respostas
Pais Cod. / Fraccao Moeda % Correto
Alemanha EUR / Cent Euro
100%
Austria EUR / Cent Euro
100%
Belgica EUR / Cent Euro
100%
Chipre EUR / Cent Euro
100%
Eslovaquia EUR / Cent Euro
100%
Eslovenia EUR / Cent Euro
100%
Espanha EUR / Cent Euro
100%
Estonia EUR / Cent Euro
100%
Finlandia EUR / Cent Euro
100%
Franca EUR / Cent Euro
100%
Grecia EUR / Cent Euro
100%
Holanda EUR / Cent Euro
100%
Irlanda EUR / Cent Euro
100%
Letonia EUR / Cent Euro
100%
Lituania EUR / Cent Euro
100%
Luxemburgo EUR / Cent Euro
100%
Malta EUR / Cent Euro
100%
Portugal EUR / Cent Euro
100%
Andorra EUR / Cent Euro
100%
Monaco EUR / Cent Euro
100%
San Marino EUR / Cent Euro
100%
Vaticano EUR / Cent Euro
100%
Kosovo* EUR / Cent Euro
100%
Montenegro EUR / Cent Euro
100%
Kosovo* EUR / Cent Euro
100%
Reino Unido GBP / Dinheiro Libra Esterlina
83%
Dinamarca DKK / Ore Coroa
55%
Republica Checa CZK / Halef Coroa
55%
Suecia SEK / Ore Coroa
55%
Islandia ISK / Eyrir Coroa
55%
Noruega NOK / Ore Coroa
55%
Liechtenstein CHF / Centimo Franco
46%
Suica CHF / Centimo Franco
46%
Bielorrusia BYR / Copeque Rublo
46%
Zona Euro #
34%
Paises UE #
34%
Fora UE ##
34%
Turquia TRY / Centimo Lira
34%
Servia RSD / Para Dinar
30%
Macedonia MKD / Deni Dinar
30%
Hungria HUF / Filler Florim
23%
Bulgaria BGN / Stotinka Lev
20%
Bosnia e Herzegovina BAM / Fening Marco
17%
Croacia HRK / Lipa Kuna
14%
Polonia PLN / Grosz Zloti
14%
Romenia RON / Ban Leu
13%
Moldavia MDL / Ban Leu
13%
Albania ALL / Qindarke Lek
11%
Ucrania UAH / Kopiyaka Grivnia
9%
Nenhum quiz correspondente encontrado
Distribuição das Pontuações
Porcentagem de Pessoas com Cada Pontuação
Percentil de Números Respondidos
Sua Pontuação Histórica
Você não jogou esse quiz